000 00407nam a2200121 a 4500
001 000027054
005 20200930030555.0
008 110329s1972 dr 000 0 spa d
040 _aDO-SdBNP
_bspa
_cBNPHU
245 0 3 _aLa familia cristiana :
_b10 temas para asambleas familiares /.
260 _aSanto Domingo :
_bSecretariado Nacional de Pastoral de Conjunto,
_c1972.
_fEditora Amigo del Hogar
049 _aBNPD
999 _c26546
_d26546